Analýza ekonomickej efektívnosti v súbore leasingových spoločností v roku 2005 pomocou frekvenčných tabuliek

Výpočet frekvenčnej tabuľky. Frekvenčné tabuľky ukazovateľov ekonomickej efektívnosti. Analýza ekonomickej efektívnosti.

Na minha lista:
Detalhes bibliográficos
Autor principal: Berčačinová, Zuzana
Formato: Capítulo de Livro
Idioma:eslovaco
Assuntos:
Tags: Adicionar Tag
Sem tags, seja o primeiro a adicionar uma tag!

MARC

LEADER 00000naa$a2200000$$$4500
001 0051552
005 20220715093530.2
041 0 |a slo 
044 |a SK 
245 1 0 |a Analýza ekonomickej efektívnosti v súbore leasingových spoločností v roku 2005 pomocou frekvenčných tabuliek  |c Zuzana Berčačinová 
520 |a Výpočet frekvenčnej tabuľky. Frekvenčné tabuľky ukazovateľov ekonomickej efektívnosti. Analýza ekonomickej efektívnosti. 
610 2 0 |a efektívnosť ekonomická 
610 2 0 |a spoločnosti lízingové 
610 2 0 |a súbory štatistické 
610 2 0 |a tabuľky štatistické 
610 2 0 |a hodnota pridaná ekonomická 
610 2 0 |a produktivita práce 
610 2 0 |a zisk 
100 1 |a Berčačinová, Zuzana